000 00835cam a22002174a 4500
082 _a624.2
_bVLO
_cD.
245 0 0 _aV-load analysis :
_ban approximate procedure, simplified and extended, for determining moments and shears in designing horizontally-curved open-framed highway bridges.
260 _aChicago, Ill. :
_bNational Steel Bridge Alliance,
_c[1996]
300 _a53 p. :
_bill. ;
_c28 cm.
490 0 _aHighway structures design handbook ;
500 _a"H011"--Cover.
500 _aCover title.
526 _a0
_b0
_c0
_d624_200000000000000_VLO
650 0 _aBridges
_xLive loads
_921499
650 0 _aBridges
_xLive loads
_xMathematics.
_943340
650 0 _aBridges
_xVibration.
_921498
650 0 _aElevated highways.
_943341
650 0 _aMCE
_9379
710 2 _aNational Steel Bridge Alliance.
_943342
942 _2ddc
_cBK
999 _c547162
_d547162